| 000 | 00784nam a2200193 a 4500 | ||
|---|---|---|---|
| 001 | 001197964 | ||
| 003 | AM-YeHGA | ||
| 005 | 20250617152908.0 | ||
| 008 | 161216s1978 ru r 000 0 rus d | ||
| 040 | _aAM-YeHGA | ||
| 041 | 0 | _arus | |
| 100 | 1 | _aГольдовский, Дмитрий Юрьевич | |
| 245 | 1 | 0 |
_aКосмические программы западноевропейских стран : _b(По материалам зарубежной печати) / _cД.Ю. Гольдовский. |
| 260 |
_aМосква : _bЗнание, _c1978. |
||
| 300 |
_a64 с. : _b64 с. |
||
| 440 | 0 |
_aНовое в жизни, науке, технике _pКосмонавтика. Астрономия _v8 |
|
| 653 | 0 | _aКосмонавтика в СССР | |
| 090 | _c381962 | ||
| 999 |
_c380041 _d380041 |
||